000 00504cam a22002171 4500
001 sa 67003211
003 DLC
005 20260227112336.0
008 890911m19581963ii c 000 0 kano
010 _asa 67003211
035 _a(OCoLC)20325324
040 _aDLC
_cWaU
_dDLC
042 _apremarc
050 0 0 _aPL4659.C52
_bV3
100 0 _aJa. Ca. Ni.,
_d1911-
245 1 0 _aVacana vallari.
260 _c[1958-63]
300 _av.
_bports.
_c19 cm.
500 _aIn Kannada.
500 _aPoems.
999 _c73703
_d73703